Las competencias básicas en la enseñanza religiosa escolar

-д хадгалсан:
Номзүйн дэлгэрэнгүй
Үндсэн зохиолч: Fernández Martín, José Antonio (Зохиогч)
Формат: Ном
Хэл сонгох:испани
Хэвлэсэн: Madrid PPC 2010
Хэвлэл:1a. ed
Цуврал:Educar Práctico
Нөхцлүүд:
Шошгууд: Шошго нэмэх
Шошго байхгүй, Энэхүү баримтыг шошголох эхний хүн болох!

MARC

LEADER 00000cam a2200000 a 4500
001 UCE5982
003 CL-VaPUC
008 150319e20100000sp |||||||||||||||||spa|d
020 |a 9788428822596 
082 0 4 |a 268  |b FER  |2 21 
100 0 |a Fernández Martín, José Antonio  |e author  |9 578651 
245 1 4 |a Las competencias básicas en la enseñanza religiosa escolar 
250 |a 1a. ed 
300 |a 196 p 
942 |c BK 
945 |d 20150319 12:57:00  |a dcastane 
260 |a Madrid  |b PPC  |c 2010 
650 0 |a Enseñanza de la religión  |9 432005 
650 7 |a COMPETENCIAS DOCENTES  |2 CL-VaPUC  |9 550037 
650 0 |a Formación profesional de profesores  |9 307493 
583 |a last modification  |c 20150319 12:57:00  |k Rodrigo Vera 
490 0 |a Educar Práctico 
999 |c 358490  |d 358488 
952 |0 0  |1 0  |3 erb  |4 0  |6 268_000000000000000_FER_2010  |7 0  |8 A  |9 467220  |a BIBTEO  |b BIBTEO  |i 5141109  |l 1  |m 6  |o 268 FER 2010  |p 5141109  |r 2025-01-17  |s 2023-07-07  |w 2019-11-23  |y BK  |z Catalogado en:20150319  |k ICR